Fisonomia y cáracter / (Record no. 31069)
[ view plain ]
| 000 -LEADER | |
|---|---|
| campo de control de longitud fija | 00653nam a2200205 i 4500 |
| 001 - NÚMERO DE CONTROL | |
| campo de control | 31069 |
| 003 - IDENTIFICADOR DE NÚMERO DE CONTROL | |
| campo de control | ES-MaACL |
| 007 - CAMPO FIJO DE DESCRIPCIÓN FÍSICA--INFORMACIÓN GENERAL | |
| campo de control de longitud fija | t| |
| 008 - DATOS DE LONGITUD FIJA--INFORMACIÓN GENERAL | |
| campo de control de longitud fija | 030128s1953 sp ||||1| spa d |
| 100 1# - ENTRADA PRINCIPAL--NOMBRE DE PERSONA | |
| Nombre de persona | Baud, Francis. |
| 9 (RLIN) | 26508 |
| 245 10 - MENCIÓN DEL TÍTULO | |
| Título | Fisonomia y cáracter / |
| Mención de responsabilidad, etc. | Francis Baud ; traducción de Pedro Voltes Bou. |
| 250 ## - MENCION DE EDICION | |
| Mención de edición | [1ª ed. española]. |
| 260 ## - PUBLICACIÓN, DISTRIBUCIÓN, ETC. | |
| Lugar de publicación, distribución, etc. | Barcelona, etc. : |
| Nombre del editor, distribuidor, etc. | Salvat, |
| Fecha de publicación, distribución, etc. | [1953] ( |
| Fabricante | Imp. Hispano-Americana) |
| 300 ## - DESCRIPCIÓN FÍSICA | |
| Extensión | 148 p. : |
| Otras características físicas | il. ; |
| Dimensiones | 17 cm. |
| 490 1# - MENCIÓN DE SERIE | |
| Mención de serie | Surco ; |
| Designación de volumen o secuencia | 95 |
| 700 0# - ENTRADA AGREGADA--NOMBRE PERSONAL | |
| Nombre de persona | Voltes Bou, Pedro, |
| Fechas asociadas al nombre | 1926-2009 |
| 9 (RLIN) | 115726 |
| 830 0# - PUNTO DE ACCESO ADICIONAL DE SERIE-TÍTULO UNIFORME | |
| Título uniforme | Surco ; |
| Designación de volumen o secuencia | 95 |
| 9 (RLIN) | 181374 |
| 852 ## - LOCALIZACIÓN | |
| Ubicación | ES-MaACL |
| Número de control de estantería | C-6158 |
| Sublocalización o colección | R.35139 |
| Estatus retirado | Estado de pérdida | Estado de daño | No para préstamo | Biblioteca de origen | Biblioteca actual | Ubicación en estantería | Fecha de adquisición | Fuente de adquisición | Total de préstamos | Signatura topográfica completa | Código de barras | Visto por última vez | Precio de reemplazo | Tipo de ítem Koha |
|---|---|---|---|---|---|---|---|---|---|---|---|---|---|---|
| Biblioteca del Ateneo de Madrid | Biblioteca del Ateneo de Madrid | Sala Palomar | 17/01/2008 | C-6158 | 1032097 | 23/02/2023 | 23/02/2023 | Libro impreso |
